Дело g предписанию господина директора о подписке купца Штанге на содержание восьми маскарадных люстр в Большом театре

Доступно только в Электронных читальных залах Найти на картеНа карте
RUSMARC
00003802nmc2a22000003x 450
00148e5a306-ae2e-452a-8ef2-36d849c5288c
00520181226133926.0
100##$a20170704l18481849k l0rusy0189 ca
1010#$arus
102##$aRU
2001#$aДело g предписанию господина директора о подписке купца Штанге на содержание восьми маскарадных люстр в Большом театре
$j11 ноября 1848 г. - 26 октября 1849 г.
251##$cДело
300##$aПо Санкт-Петербургской дирекции за 1848 год
300##$aДело
801#0$aRU
$bРГИА
$c20170704
$gRCR
801#1$aRU
$bГлавНИВЦ
$c20170704
$2rusmarc
801#2$aRU
$bПБ им. Б.Н. Ельцина
$c20181226
$gRCR
$2rusmarc
850##$aРГИА
852##$aРГИА
$eФедеральное казенное учреждение "Российский государственный исторический архив" (РГИА)
$j11861
937##$hРГИА
$d12247505
$aASBIBLIO_SCAN
462#0$1001dd3991dc-24e1-42ec-8838-ca4255420416
$12001
$aДирекция императорских театров (1746-1850 гг.)
$1251
$cОпись
$1852
$j1
461#0$10019264ebf8-de62-4f1a-9eb4-9f22098dbbd5
$12001
$aДирекция императорских театров Министерства императорского двора
$1251
$cФонд
$1852
$j497
215##$a7 л.
$d36,5х26 см
371##$aДокумент не является опубликованным и широко распространяемым
105##$ay###
1222#$ad
035##$a48e5a306-ae2e-452a-8ef2-36d849c5288c
856##$uhttp://readingroom.main.prlib.ru/item.aspx?id_node=n122437393&mode=full
Формат отображения